BAND4BAND Lyrics - Central Cee and Lil Baby - Statistics

General Stats
  • This quiz has been taken 228 times
  • The average score is 292 of 538
Answer Stats
Lyric % Correct
M
98%
we
96%
We
96%
I
95%
band
94%
for
94%
go
94%
the
93%
can
90%
a
89%
in
86%
that,
85%
that
85%
do
84%
R
82%
I'm
80%
my
77%
So
76%
so
76%
truck
76%
got
75%
Got
75%
no
75%
don't
74%
even
74%
factory
74%
flight
72%
mood
72%
private
72%
cause
71%
delayed
71%
jet
71%
on
71%
and
70%
not
70%
not,
70%
Double
69%
wear
69%
ETA
66%
pilot
66%
with
65%
to
64%
asking
62%
Urus,
62%
mil'
61%
rims
61%
jumped
60%
Maybach
60%
he
59%
Quarter
58%
care
57%
she
57%
She
57%
safe
56%
Lambo'
55%
point
55%
it
54%
jewels
53%
man
53%
jeans?
52%
DJ
51%
talk
50%
How
49%
It's
49%
it's
49%
time
49%
talkin'
48%
talkin',
48%
gang
47%
parked
47%
Bro
46%
bro
46%
Jesus
46%
strip,
46%
them
46%
Big
45%
paid
45%
Paid
45%
threat
45%
piece?
44%
Who
44%
bout
43%
everyone
43%
land
43%
pray
43%
really
43%
These
43%
you
43%
You
43%
behind
42%
90,
41%
like
41%
squeeze
41%
get
40%
inshallah?
40%
landin'
40%
of
40%
Of
40%
Why's
39%
Brabus,
38%
does
38%
waist
38%
wearing
38%
what
38%
hit
36%
Hit
36%
one,
36%
one"
36%
one
36%
Tiktok
36%
times,
36%
if
35%
If
35%
necklace
35%
Virgil,
35%
up
34%
Lil'
32%
love
32%
me
32%
Me
32%
ain't
31%
him
31%
Pick
31%
want
31%
all
30%
club,
30%
ID,
30%
off
30%
scrollin'
30%
shoot
30%
shot,
30%
Take
30%
beef
29%
seventeen
29%
side
29%
song
29%
Woke
29%
GBK
28%
gonna
28%
need
28%
petitest
28%
shoes
28%
slapped
28%
today
28%
wrong
28%
bed,
27%
boy,
27%
have
27%
nobody
27%
ticked
27%
"Which
27%
young
27%
GBG,
26%
he's
26%
matter
26%
her
25%
already,
24%
I'll
24%
just
24%
P's
24%
PVA
24%
chain
23%
chain,
23%
em
23%
harder,
23%
obsessed
23%
see
23%
some
23%
til
23%
won't
23%
London
22%
stuck
22%
wanna
22%
did
21%
this
20%
This
20%
clothes,
19%
lead
19%
Rari
19%
stray,
19%
think
19%
dollar
18%
They
18%
they
18%
watch
18%
watch,
18%
birthday,
17%
he'll
17%
aura,
16%
F's
16%
gym
16%
Kim
16%
look
16%
mad,
16%
saw
16%
spider,
16%
body
15%
thick
15%
accessories
14%
death
14%
Mama
14%
ten,
14%
but
13%
can't
13%
cute
13%
his
13%
life
13%
new
13%
skin,
13%
try,
13%
whole
13%
wish
13%
at
12%
crawlin'
12%
or
12%
had
11%
help
11%
made
11%
rings,
11%
UK
11%
way,
11%
you'll
11%
bro'll
10%
computers
10%
course
10%
friends
10%
good,
10%
guess
10%
I'ma
10%
right
10%
shooter
10%
step
10%
under
10%
worst
10%
Aruba
9%
bag
9%
Bank
9%
Uber
9%
Uh,
9%
your
9%
beat
8%
been
8%
catch
8%
killin'
8%
rich,
8%
Top
8%
account
7%
Benz,
7%
ends
7%
fell
7%
act
6%
done
6%
from
6%
opposite
6%
type
6%
depend
5%
Knocking
5%
makin'
5%
mask,
5%
Selfridges
5%
still
5%
wait
5%
bougie
4%
France,
4%
back-and-forth,
3%
No matching quizzes found
Score Distribution
Percent of People with Each Score
Percentile by Number Answered
Your Score History
You have not taken this quiz